000
00238nam a2200097Ia 4500
005
20251222114407.0
008
251222s1900||||xx |||||||||||||| ||spa||
082
_a
DVD0070/K87/1999
245
0
_a
Ojos bien cerrados:Eyes Wide Shut
942
_c
DVD
999
_c
1872
_d
1872